Курс физики (Запись № 6627354)

Подробности
000 -МАРКЕР
контрольное поле 01514nam0a22003011 4500
001 - ИДЕНТИФИКАТОР ЗАПИСИ
контрольное поле rc\2711274
005 - ИДЕНТИФИКАТОР ВЕРСИИ
контрольное поле 20250529122859.0
035 ## - ДРУГИЕ СИСТЕМНЫЕ НОМЕРА
Идентификатор записи (NLR Aleph) 006839204
100 ## - ДАННЫЕ ОБЩЕЙ ОБРАБОТКИ
Данные общей обработки 20110915d1934 |||y0rusy50 ca
101 0# - ЯЗЫК РЕСУРСА
Язык текста, звукозаписи и т.д. русский
102 ## - СТРАНА ПУБЛИКАЦИИ ИЛИ ПРОИЗВОДСТВА
Страна публикации Российская Федерация
105 ## - ПОЛЕ КОДИРОВАННЫХ ДАННЫХ: ТЕКСТОВЫЕ МАТЕРИАЛЫ, МОНОГРАФИЧЕСКИЕ
Кодированные данные о монографическом текстовом документе ae j |||||
200 1# - ЗАГЛАВИЕ И СВЕДЕНИЯ ОБ ОТВЕТСТВЕННОСТИ
Основное заглавие Курс физики
Сведения, относящиеся к заглавию Учебник для высш. педагог. учеб. заведений
-- Допущен Наркомпросом РСФСР
Первые сведения об ответственности К. А. Путилов, при участии проф. А. И. Бачинского, В. А. Фабриканта, Ю. В. Ходакова и др.
210 ## - ПУБЛИКАЦИЯ, РАСПРОСТРАНЕНИЕ И ДР.
Место издания, распространения и т.д. Москва
Имя издателя, распространителя и т. д. Гос. учеб.-педагог. изд-во
Дата издания, распространения и т.д. 1934
Имя изготовителя "Образцовая" тип.
215 ## - ФИЗИЧЕСКАЯ ХАРАКТЕРИСТИКА
Специфическое обозначение материала и объем Переплет, XV, 747 с.
Другие сведения о физической характеристике ил.
Размеры 27х18 см.
300 ## - ОБЩИЕ ПРИМЕЧАНИЯ
Текст примечания Ил.: Е. А. Лаврова, Д. Ф. Паршин, А. И. Сайчук
300 ## - ОБЩИЕ ПРИМЕЧАНИЯ
Текст примечания Перед загл.: К. А. Путилов, при участии проф. А. И. Бачинского, В. А. Фабриканта, Ю. В. Ходакова и др.
700 #1 - ИМЯ ЛИЦА - ПЕРВИЧНАЯ ОТВЕТСТВЕННОСТЬ
Начальный элемент ввода Путилов
Часть имени, кроме начального элемента ввода К.А.
Даты 1900-1966
Расширение инициалов личного имени Константин Анатольевич
702 #1 - ИМЯ ЛИЦА - ВТОРИЧНАЯ ОТВЕТСТВЕННОСТЬ
Начальный элемент ввода Фабрикант
Часть имени, кроме начального элемента ввода В.А.
Код отношения Прочие
702 #1 - ИМЯ ЛИЦА - ВТОРИЧНАЯ ОТВЕТСТВЕННОСТЬ
Начальный элемент ввода Бачинский
Часть имени, кроме начального элемента ввода А. И.
Даты 1877-1944
Расширение инициалов личного имени Алексей Иосифович
Идентификатор авторитетной/нормативной записи RU\NLR\AUTH\770275602
Код отношения Прочие
702 #1 - ИМЯ ЛИЦА - ВТОРИЧНАЯ ОТВЕТСТВЕННОСТЬ
Начальный элемент ввода Ходаков
Часть имени, кроме начального элемента ввода Ю.В.
Код отношения Прочие
801 #0 - ИСТОЧНИК ЗАПИСИ
Страна Российская Федерация
Организация NLR
Правила каталогизации psbo
801 #1 - ИСТОЧНИК ЗАПИСИ
Страна Российская Федерация
Организация ELAR
Источник данных rusmarc
852 ## - МЕСТОНАХОЖДЕНИЕ И ШИФР ХРАНЕНИЯ
Идентификатор организации NLR
Шифр хранения (Call Number) 34-5/863
942 ## - ДОПОЛНИТЕЛЬНЫЕ ЭЛЕМЕНТЫ ЗАПИСИ (АБИС)
Тип экземпляра АБИС Книга
980 ## - КОЛЛЕКЦИЯ
Название коллекции Национальная библиография
Экземпляры
Тип экземпляра Дата поступления Библиотека постоянного хранения Библиотека текущего хранения Место хранения Шифр хранения Штрих-код Статус экземпляра
Книга 26.10.2013 РНБ (Садовая) РНБ (Садовая) Русский книжный фонд -Главное здание, Ленинский читальный зал 34-5/863 6839204-10